000 00425cam a2200181ua 4500
001 6008
008 131030n ii |||gr||||Z||||||eng
020 _a81 207 0429 0
040 _cMAIN
082 _a909
100 _aRao.B.V,
_eAuthor.
245 _aworld History
_cby B.V. Rao
250 _a 1st Reprint.
260 _a[s.l]:
_bSterling Publishers,
_c1986.
300 _avi,421p.
653 _aWorld history
942 _cBK
999 _c5162
_d5162